<?xml version="1.0" encoding="UTF-8"?>
<record
    xmlns:xsi="http://www.w3.org/2001/XMLSchema-instance"
    xsi:schemaLocation="http://www.loc.gov/MARC21/slim http://www.loc.gov/standards/marcxml/schema/MARC21slim.xsd"
    xmlns="http://www.loc.gov/MARC21/slim">

  <leader>00462nam a2200157Ia 4500</leader>
  <controlfield tag="005">20241112090703.0</controlfield>
  <controlfield tag="008">240126s9999    xx            000 0 und d</controlfield>
  <datafield tag="020" ind1=" " ind2=" ">
    <subfield code="a">9781484246245</subfield>
  </datafield>
  <datafield tag="082" ind1=" " ind2=" ">
    <subfield code="a">005.8  HAS;1  R</subfield>
  </datafield>
  <datafield tag="100" ind1=" " ind2=" ">
    <subfield code="a">Hassan, Nihad A. Hijazi, Rami.</subfield>
  </datafield>
  <datafield tag="245" ind1=" " ind2="0">
    <subfield code="a">Open source intelligence methods and tools : a practical guide to online intelligence</subfield>
  </datafield>
  <datafield tag="260" ind1=" " ind2=" ">
    <subfield code="b">Apress Media</subfield>
    <subfield code="a">New York</subfield>
    <subfield code="c">2018</subfield>
  </datafield>
  <datafield tag="300" ind1=" " ind2=" ">
    <subfield code="a">xxiii, 354</subfield>
  </datafield>
  <datafield tag="440" ind1=" " ind2=" ">
    <subfield code="a">NULL</subfield>
  </datafield>
  <datafield tag="942" ind1=" " ind2=" ">
    <subfield code="c">PU</subfield>
  </datafield>
  <datafield tag="999" ind1=" " ind2=" ">
    <subfield code="c">296023</subfield>
    <subfield code="d">296023</subfield>
  </datafield>
  <datafield tag="952" ind1=" " ind2=" ">
    <subfield code="r">2024-10-29 00:00:00</subfield>
    <subfield code="l">2</subfield>
    <subfield code="m">11</subfield>
    <subfield code="o">005.8  HAS;1  R</subfield>
    <subfield code="p">PU13829</subfield>
    <subfield code="h">(10/07/1905)</subfield>
    <subfield code="s">2024-10-09</subfield>
    <subfield code="v">951.32</subfield>
    <subfield code="w">2024-01-26</subfield>
    <subfield code="y">PU</subfield>
    <subfield code="1">0</subfield>
    <subfield code="2">ddc</subfield>
    <subfield code="4">0</subfield>
    <subfield code="7">0</subfield>
    <subfield code="8">CL</subfield>
    <subfield code="0">0</subfield>
    <subfield code="K">96862</subfield>
    <subfield code="a">ML</subfield>
    <subfield code="b">LRC</subfield>
    <subfield code="c">CL</subfield>
    <subfield code="d">2023-10-13</subfield>
    <subfield code="e">Book Paradise</subfield>
    <subfield code="g">1399.00</subfield>
    <subfield code="E">CS</subfield>
    <subfield code="G">RS</subfield>
    <subfield code="F">1</subfield>
    <subfield code="V">32</subfield>
    <subfield code="U">Percentage</subfield>
  </datafield>
</record>
